|
|
|
|
| LEADER |
00000nta a2200000 i 4500 |
| 001 |
dolg279 |
| 005 |
20150806101817.0 |
| 008 |
150305suuuu hu om 000 hun d |
| 040 |
|
|
|a BGE Dolgozattár Repozitórium
|b hun
|
| 041 |
|
|
|a hu
|
| 100 |
1 |
|
|a Szolyák Szilvia
|
| 245 |
1 |
2 |
|a A Samsung televíziók marketingkommunikációs tevékenységének vizsgálata
|c Szolyák Szilvia
|h [elektronikus dokumentum]
|
| 695 |
|
|
|a Marketingkommunikáció
|
| 695 |
|
|
|a Samsung
|
| 700 |
1 |
|
|a Kopcsay Dr. László
|e ths
|
| 856 |
4 |
0 |
|u http://dolgozattar.uni-bge.hu/279/1/Szakdolgozat_Samsung%20telev%C3%ADzi%C3%B3k%20marketingkommunik%C3%A1ci%C3%B3s%20tev%C3%A9kenys%C3%A9g%C3%A9nek%20vizsg%C3%A1lata.pdf
|z Dokumentum-elérés
|
| 856 |
4 |
0 |
|u http://dolgozattar.uni-bge.hu/279/7/ELZZ8Z.pdf
|z Dokumentum-elérés
|